Gilgames

Salvato in:
Dettagli Bibliografici
Autore principale: Malbrán-Labat, Florence (autora)
Natura: Libro
Lingua:spagnolo
Pubblicazione: Estella Verbo Divino 1983
Serie:Documentos en Torno a la Biblia, 7
Soggetti:
Tags: Aggiungi Tag
Nessun Tag, puoi essere il primo ad aggiungerne!!

MARC

LEADER 00000nam a2200000 a 4500
001 UCW8693
003 CL-VaPUC
008 881020e19830000SP |||||||||||||||||spa|d
020 |a 8471513404 
082 0 4 |a 220.9  |b MAL  |2 21 
100 |a Malbrán-Labat, Florence  |e autora  |9 313907 
245 1 0 |a Gilgames 
300 |a 74 p 
942 |c BK 
945 |d 19881020 00:00:00 
260 |a Estella  |b Verbo Divino  |c 1983 
650 0 |a Biblia  |9 257603 
650 0 |a Interpretación   |9 258846 
583 |a last modification  |c 20170628 10:51:58  |k Rodrigo Vera 
490 0 |a Documentos en Torno a la Biblia, 7 
999 |c 220987  |d 220985 
952 |0 0  |1 2  |4 0  |6 220_900000000000000_MAL_1983  |7 0  |8 A  |9 213852  |a BIBTEO  |b BIBTEO  |d 2019-11-15  |i 2822008  |o 220.9 MAL 1983  |p 2822008  |r 2019-11-15  |w 2019-11-15  |x Descarte 2019  |y BK  |k ICR